书目信息 |
| 题名: |
酵母及饲料酵母生产
|
|
| 作者: | 潘志超 , 蒋玉仑 编 | |
| 分册: | ||
| 出版信息: | 北京 中国林业出版社 1987 |
|
| 页数: | 183页 | |
| 开本: | 19cm | |
| 丛书名: | 森林工业技术知识丛书 | |
| 单 册: | ||
| 中图分类: | S816.6 | |
| 科图分类: | ||
| 主题词: | 酵母发酵-饲料生产 , 饲料生产-酵母发酵 | |
| 电子资源: | ||
| ISBN: | 978-7-5038-0026-9 | |
| 000 | 00827oam2 2200289 450 | |
| 001 | 0187006007 | |
| 005 | 20100712222000.0 | |
| 010 | @a978-7-5038-0026-9@dCNY1.20 | |
| 091 | @a16046.1357 | |
| 100 | @a19901122d1987 em y0chiy0110 ea | |
| 101 | 0 | @achi |
| 102 | @aCN@b110000 | |
| 105 | @af z 000yy | |
| 106 | @ar | |
| 200 | 1 | @a酵母及饲料酵母生产@9Jiao Mu Ji Si Liao Jiao Mu Sheng Chan @f潘志超, 蒋玉仑编 |
| 210 | @a北京@c中国林业出版社@d1987 | |
| 215 | @a183页@c图@d19cm | |
| 225 | 2 | @a森林工业技术知识丛书 |
| 461 | 0 | @12001 @a森林工业技术知识丛书 |
| 606 | 0 | @a酵母发酵-饲料生产 |
| 606 | 0 | @a饲料生产-酵母发酵 |
| 610 | 0 | @a酵母生产 |
| 690 | @aS816.6@v3 | |
| 701 | 0 | @a潘志超@9pan zhi chao@4编 |
| 701 | 0 | @a蒋玉仑@9jiang yu lun@4编 |
| 801 | 0 | @aCN@b91MARC@c20130904 |
| 905 | @aBZT@dS816.6@e2@f1@sS816.6/2 | |
| 酵母及饲料酵母生产/潘志超, 蒋玉仑编.-北京:中国林业出版社,1987 |
| 183页:图;19cm.-(森林工业技术知识丛书) |
| ISBN 978-7-5038-0026-9:CNY1.20 |
| ● |
| 相关链接 |
|
|
|
正题名:酵母及饲料酵母生产
索取号:S816.6/2
 
预约/预借
| 序号 | 登录号 | 条形码 | 馆藏地/架位号 | 状态 | 备注 |
| 1 | 2000110904 | 2000110904 | 旧书回溯/ [索取号:S816.6/2] | 在馆 |